All Songs From Albums By The Fratellis - Statistics

General Stats
  • This quiz has been taken 109 times
  • The average score is 36 of 68
Answer Stats
Answer % Correct
Chelsea Dagger
98%
Henrietta
94%
Whistle for the Choir
83%
We Need Medicine
81%
Ole Black 'n' Blue Eyes
77%
For the Girl
74%
Baby Fratelli
72%
Flathead
72%
Got Ma Nuts From a Hippy
72%
Starcrossed Losers
70%
Doginabag
68%
Impostors (Little By Little)
68%
My Friend John
68%
Six Days in June
66%
Creepin' Up the Backstairs
64%
Laughing Gas
64%
Jeannie Nitro
62%
Need a Little Love
62%
Cuntry Boys & City Girls
60%
Half Drunk Under a Full Moon
60%
Halloween Blues
60%
Rock N Roll Will Break Your Heart
60%
Acid Jazz Singer
57%
Babydoll
57%
Baby Don't You Lie to Me
57%
Me and the Devil
57%
A Heady Tale
55%
Dogtown
55%
Everybody Knows You Cried Last Night
55%
Look Out Sunshine!
55%
Stand Up Tragedy
55%
Sugartown
55%
Milk and Money
53%
Mistress Mabel
53%
Rosanna
53%
The Next Time We Wed
51%
This Old Ghost Town
51%
Vince the Loveable Stoner
51%
Seven Nights, Seven Days
49%
She's Not Gone Yet But She's Leaving
49%
Whisky Saga
49%
Getting Surreal
47%
Slow
47%
Lupe Brown
45%
Moonshine
45%
Shameless
45%
I've Been Blind
43%
Tell Me a Lie
43%
Thief
43%
Until She Saves My Soul
43%
Action Replay
40%
Desperate Guy
40%
I Am That
40%
I Guess... I Suppose...
40%
Shotgun Shoes
40%
Told You So
40%
Too Much Wine
40%
Advaita Shuffle
38%
Jesus Stole My Baby
38%
Stragglers Moon
38%
Indestructible
36%
This is Not the End of the World
36%
Strangers in the Street
34%
Hello Stranger
30%
Oh Roxy
30%
Lay Your Body Down
23%
Living in the Dark
21%
The Last Songbird
21%
No matching quizzes found
Score Distribution
Percent of People with Each Score
Percentile by Number Answered
Your Score History
You have not taken this quiz